Les personnages de Mask Singer - Statistiques

Statistiques générales
  • Ce quiz a été pris 368 fois
  • Le résultat moyen est 29 sur 53
Statistiques - réponses
Costume Personnalité % Correct
Licorne Laurence Boccolini
83%
Cupcake Natasha St-Pier
78%
Manchot Larusso
76%
Lion David Douillet
73%
Aigle Karl Zéro
73%
Araignée Karine Ferri
69%
Éléphant Keen'v
68%
Paon Frank Leboeuf
67%
Dragon Issa Doumbia
67%
Robot Daniel Lévi
66%
Papillon Denitsa Ikonomova
66%
Abeille Joyce Jonathan
66%
Banane Valérie Bègue
66%
Crocodile Marc-Antoine Le Bret
65%
Tigresse Marc-Antoine Le Bret
65%
Arbre Gilbert Montagné
64%
Panda Julie Zenatti
64%
Hippocampe Lio
64%
Singe Alizée
63%
Cerf Laurent Ournac
63%
Cosmonaute Pierre Palmade
60%
Squelette Djibril Cissé
59%
Écureuil Sheila
59%
Loup Laure Manaudou
58%
Panthère Marie-José Pérec
58%
Monstre Smain
57%
Renarde Valérie Damidot
56%
Génie Yoann Rio
56%
Requin Basile Boli
55%
Bouche Frédérique Bel
55%
Caméléon Sylvie Tellier
55%
Hibou Dave
54%
Bébé Marianne James
54%
Bernard-l'hermite Alain Bernard
53%
Tortue Amaury Vassili
53%
Chevalier Laurent Maistret
52%
Pieuvre Liane Foly
51%
Cow-boy Seal
50%
Perroquets Bogdanoff
49%
Ours Christophe Beaugrand
49%
Dino Yves Lecoq
49%
Mariée Estelle Mossely
46%
Pharaon Francis Huster
46%
Coccinelle Teri Hatcher
44%
Cochon Yves Camdeborde
39%
Poisson-Corail Maud Fontenoy
37%
Dalmatien Christelle Chollet
36%
Souris Laetitia Milot
36%
Pain d'épices Frédéric Diefenthal
34%
Ballerine Itziar Ituno
31%
Koala Marion Bartoli
30%
Cobra David Hasselhoff
23%
Chat Tori Spelling
23%
Aucun quiz correspondant
Distribution des résultats
% des personnes avec chaque résultat
Percentile par nombre de réponses
Votre historique - résultats
Vous n’avez pas pris ce quiz